Hand Drawn Flags - Statistics

General Stats
  • This quiz has been taken 39 times
  • The average score is 14 of 15
Answer Stats
Picture Answer % Correct
Argentina
100%
Germany
100%
Japan
100%
Jamaica
97%
Sweden
97%
Bangladesh
94%
Vietnam
94%
Colombia
91%
Morocco
89%
Somalia
86%
Syria
86%
Bahamas
83%
Palau
83%
Yemen
80%
Mauritius
77%
No matching quizzes found
Score Distribution
Percent of People with Each Score
Percentile by Number Answered
Your Score History
You have not taken this quiz